000 00681nam a2200229Ia 4500
005 20251020182536.0
008 200515s9999 xx 000 0 und d
082 _a72/Ch56/1985
100 _aCHING, Francis D. K.
245 0 _aArquitectura, forma, espacio y orden
250 _a4a ed.
260 _aMéxico, D.F.
260 _c1985
500 _a1 ejemplar
520 _aAnálisis morfológico de los elementos esenciales de la forma y del espacio, y de aquellos principios que, en nuestro medio ambiente edificado, controlan su organización
650 _aARQUITECTURA
650 _aESPACIO
650 _aFORMA
650 _aLIB
650 _aPLANOS
942 _cLIB
999 _c2245
_d2245